Breve esame dell'opuscolo del sac. Curci (Record no. 98478)

MARC details
000 -LEADER
campo de control de longitud fija 00444nam a2200133 i 4500
001 - NÚMERO DE CONTROL
campo de control 98478
003 - IDENTIFICADOR DE NÚMERO DE CONTROL
campo de control ES-MaACL
007 - CAMPO FIJO DE DESCRIPCIÓN FÍSICA--INFORMACIÓN GENERAL
campo de control de longitud fija t|
008 - DATOS DE LONGITUD FIJA--INFORMACIÓN GENERAL
campo de control de longitud fija 050915s1878 it ||||1| ita d
245 00 - MENCIÓN DEL TÍTULO
Título Breve esame dell'opuscolo del sac. Curci
Resto del título : il moderno dissidio tra la chiesa e l'Italia /
Mención de responsabilidad, etc. [un padre della Compagnia di Gesáu].
260 ## - PUBLICACIÓN, DISTRIBUCIÓN, ETC.
Lugar de publicación, distribución, etc. Roma :
Nombre del editor, distribuidor, etc. [s.n.],
Fecha de publicación, distribución, etc. 1878 (
Fabricante Tipografia Poliglota)
300 ## - DESCRIPCIÓN FÍSICA
Extensión 93 p. ;
Dimensiones 24 cm.
852 ## - LOCALIZACIÓN
Ubicación ES-MaACL
Número de control de estantería T-253-F-1
Holdings
Estatus retirado Estado de pérdida Estado de daño No para préstamo Colección Biblioteca de origen Biblioteca actual Ubicación en estantería Fecha de adquisición Fuente de adquisición Total de préstamos Signatura topográfica completa Código de barras Visto por última vez Precio de reemplazo Tipo de ítem Koha
        Colección de folletos Biblioteca del Ateneo de Madrid Biblioteca del Ateneo de Madrid Depósito folletos 17/01/2008     T-253-F-1 1102805 23/02/2023 23/02/2023 Folleto